Comuni della Provincia di Ferrara - Statistics

Statistiche generali
  • Questo quiz è stato fatto 70 volte
  • Il punteggio medio è 11 su 21
Statistiche sulle risposte
Comune % Corretto
Ferrara
95%
Cento
88%
Comacchio
83%
Argenta
81%
Goro
69%
Bondeno
67%
Codigoro
62%
Copparo
57%
Portomaggiore
57%
Mesola
55%
Poggio Renatico
50%
Vigarano Mainarda
48%
Jolanda di Savoia
45%
Ostellato
45%
Lagosanto
43%
Masi Torello
43%
Riva del Po
40%
Voghiera
36%
Tresignana
33%
Fiscaglia
29%
Terre del Reno
12%
Nessun quiz corrispondente trovato
Distribuzione punteggi
Percentuale di utenti per punteggio
Percentile per numero di risposta
I tuoi punteggi nel tempo
Non hai fatto questo quiz